| 000 -LEADER |
| fixed length control field |
01118nam a2200253Ia 4500 |
| 001 - CONTROL NUMBER |
| control field |
18198 |
| 003 - CONTROL NUMBER IDENTIFIER |
| control field |
GE_BSU |
| 008 - FIXED-LENGTH DATA ELEMENTS--GENERAL INFORMATION |
| fixed length control field |
181216s||||||||xx |||||||||||||| ||und|| |
| 020 ## - INTERNATIONAL STANDARD BOOK NUMBER |
| International Standard Book Number |
978-9941-13-099-1 |
| 040 ## - CATALOGING SOURCE |
| Transcribing agency |
GE_BSU |
| 080 ## - UNIVERSAL DECIMAL CLASSIFICATION NUMBER |
| Universal Decimal Classification number |
811.112.2'36 |
| 100 ## - MAIN ENTRY--PERSONAL NAME |
| Personal name |
ანდრაზაშვილი,მარინა |
| 245 ## - TITLE STATEMENT |
| Title |
გერმანული ენის გრამატიკა = Grammatik der deutschen Sprache : 4 წიგნად. წ.2: მორფოლოგია II |
| 250 ## - EDITION STATEMENT |
| Edition statement |
მე-2 გადამუშავებული და გავრცობილი გამოცემა. ივ. ჯავახიშვილის სახ. თსუ |
| 260 ## - PUBLICATION, DISTRIBUTION, ETC. |
| Place of publication, distribution, etc. |
თბილისი |
| 260 ## - PUBLICATION, DISTRIBUTION, ETC. |
| Name of publisher, distributor, etc. |
თბილისის უნ-ტის გამ-ბა |
| 260 ## - PUBLICATION, DISTRIBUTION, ETC. |
| Date of publication, distribution, etc. |
2009 |
| 300 ## - PHYSICAL DESCRIPTION |
| Extent |
972 გვ.27სმ. |
| 653 ## - INDEX TERM--UNCONTROLLED |
| Uncontrolled term |
Grammatik der deutschen Sprache |
| 653 ## - INDEX TERM--UNCONTROLLED |
| Uncontrolled term |
გერმანული ენის გრამატიკა |
| 653 ## - INDEX TERM--UNCONTROLLED |
| Uncontrolled term |
გერმანული ენისმორფოლოგია |
| 942 ## - ADDED ENTRY ELEMENTS (KOHA) |
| Koha item type |
წიგნი |